FIFA 22 Top French Players - Statistics

General Stats
  • This quiz has been taken 117 times
  • The average score is 15 of 25
Answer Stats
Hint Answer % Correct
OVR 91 ST Kylian Mbappé
100%
OVR 89 ST Karim Benzema
95%
OVR 87 GK Hugo Lloris
93%
OVR 90 CDM N'golo Kante
93%
OVR 87 CM Paul Pogba
90%
OVR 86 CB Raphaël Varane
88%
OVR 85 CAM Antoine Griezmann
81%
OVR 83 CB Lucas Hernández
79%
OVR 86 LM Kingsley Coman
77%
OVR 84 LB Theo Hernández
76%
OVR 84 GK Mike Maignan
66%
OVR 83 LM Ousmane Dembélé
53%
OVR 83 CB Presnel Kimpembe
51%
OVR 82 CB Dayot Upamecano
47%
OVR 83 LWB Ferland Mendy
46%
OVR 84 LB Lucas Digne
45%
OVR 84 CAM Nabil Fekir
43%
OVR 83 CAM Thomas Lemar
42%
OVR 83 CB Jules Koundé
40%
OVR 82 GK Alphonse Areola
36%
OVR 82 CB Clement Lenglet
36%
OVR 84 CF William Ben Yedder
30%
OVR 82 ST Alexandre Lacazette
23%
OVR 82 CAM Tanguy Ndombele
19%
OVR 82 CDM Jordan Veretout
6%
No matching quizzes found
Score Distribution
Percent of People with Each Score
Percentile by Number Answered
Your Score History
You have not taken this quiz